Novela zákona o daniach z dedičstva a darovania

Najdôležitejšie zmeny v novele zákona o daniach z dedičstva a darovania, ktoré platia od 1.4.2002. Daň z dedičstva, daň z darovania a daň z prevodu a prechodu nehnuteľností.

Salvato in:
Dettagli Bibliografici
Autore principale: Šimková, Eva
Altri autori: Tóthová, Hana
Natura: Capitolo di libro
Lingua:slovacco
Soggetti:
Tags: Aggiungi Tag
Nessun Tag, puoi essere il primo ad aggiungerne!!

MARC

LEADER 00000naa a2200000 4500
001 r044462
005 20230925125548.9
041 0 |a slo 
044 |a SK 
245 1 0 |a Novela zákona o daniach z dedičstva a darovania  |c Eva Šimková, Hana Tóthová 
520 |a Najdôležitejšie zmeny v novele zákona o daniach z dedičstva a darovania, ktoré platia od 1.4.2002. Daň z dedičstva, daň z darovania a daň z prevodu a prechodu nehnuteľností. 
610 2 0 |a dane z darovania 
610 2 0 |a dane z dedičstva 
610 2 0 |a dane z prevodu a prechodu nehnuteľností 
610 2 0 |a novelizácia 
610 2 0 |a zákony 
610 2 0 |a Slovensko 
100 1 |a Šimková, Eva 
700 1 |a Tóthová, Hana